000 01118nam0a2200277 4500
001 RU\NLR\ONL2\14199
005 20260412043854.0
035 _a(NLR Aleph) 009661784
090 _a13652804
_c13652804
100 _a20090611d1957 u y0rusy50 ca
101 0 _aaze
102 _aAZ
105 _aa |||||||||
200 1 _aМәктәбә гәдәр jашлы ушаглара әсас hәрәкәтләрин тә'лими
_fА. И. Быкова
_gАзССР Маариф наз. мэктэбэ гэдэр тэрибэ методкабинэси
210 _aБакы
_cБирилэшмиш нэшр.
_d1957
215 _a151 с., [5] с. ил.
_d21
541 1 _aОбучение детей дошкольного возраста основным движениям
_zrus
686 1 _aЧ411.354
700 1 _4070
_7ca
_8rus
_aБыкова
_bА. И.
_cканд. пед. наук
_gАнна Ионовна
_9233034
_3RU\NLR\AUTH\770233090
801 0 _aRU
_bNLR
_c20090611
_gPSBO
852 _aNLR
_bОНЛ
_jАзерб./3-5216
942 _cBOOK
980 _aONL_RF
980 _aNB